Pays colonisés par le Portugal - Statistiques

Statistiques générales
  • Ce quiz a été pris 1 155 fois
    1 080 depuis la dernière actualisation
  • Le résultat moyen est 12 sur 29
Statistiques - réponses
Durée Réponses % Correct
1500-1822 Brésil
98%
1575-1975 Angola
90%
1501-1975 Mozambique
79%
1462-1975 Cap-Vert
75%
1505-1961 Inde
72%
1557-1999 Chine
69%
1474-1974 Guinée-Bissau
60%
1580-1587 Japon
52%
1470-1975 São Tomé
52%
1511-1854 Indonésie
50%
1415-1769 Maroc
50%
1702-1975 Timor oriental
44%
1817-1822 Uruguay
39%
1494-1778 Guinée équatoriale
37%
1511-1641 Malaisie
35%
1597-1658 Sri Lanka
34%
1528-1666 Bangladesh
28%
1503-1698 Tanzanie
27%
1507-1622 Iran
26%
1603-1613 Birmanie
25%
1445-1633 Mauritanie
25%
1508-1650 Oman
24%
1593-1698 Kenya
23%
1507-1511, 1513-1538 Yémen
23%
1521-1559 Arabie saoudite
22%
1482-1642 Ghana
22%
1558-1573 Maldives
20%
1521-1602 Bahreïn
13%
1536-1620 Barbade
9%
Aucun quiz correspondant
Distribution des résultats
% des personnes avec chaque résultat
Percentile par nombre de réponses
Votre historique - résultats
Vous n’avez pas pris ce quiz depuis la dernière actualisation